| 000 | 00498nam a22001937a 4500 | ||
|---|---|---|---|
| 003 | MPLRDC | ||
| 005 | 20220104123352.0 | ||
| 008 | 210129b ||||| |||| 00| 0 eng d | ||
| 020 | _a962-491-016-2 | ||
| 082 | _a857.621 HY-5 v.7 c.2 | ||
| 100 | _a黄易 | ||
| 245 |
_a大剑师传奇. 卷七: 帝境魔踪 _c |
||
| 250 | _a初版二刷 | ||
| 260 |
_a _b黄易出版社 _c1993 |
||
| 300 | _b平 | ||
| 490 | _a黄易. 玄幻系列 | ||
| 650 | _a玄幻小说 | ||
| 942 |
_cBK _o857.621 HY-5 v.7 c.2 |
||
| 999 |
_c10868 _d10858 |
||